| 000 | 01281nam a22003617a 4500 | ||
|---|---|---|---|
| 003 | CHAP | ||
| 005 | 20220329134420.0 | ||
| 008 | 971013s1982 r 00010 d | ||
| 010 | _a20183 | ||
| 011 | _a21155 | ||
| 035 | _a25244 | ||
| 040 | _cCHAP | ||
| 090 | _aTesis | ||
| 100 | 0 | 0 |
_aArana Escobar, José Manuel. _96477 |
| 245 | _aEvaluación de la toxicidad del aceite esencial de la barreta (Helietta parvifolia) (Gray Benth) en pollos | ||
| 260 |
_aMonterrey, N.L. : _bEl autor, _c1982 |
||
| 300 |
_a61 h. _b; apénd. ; gráfs |
||
| 502 | _aTesis (Ing. Agrónomo Zootecnista) -- ITESM. Div. de Ciencias Agropecuarias y Marítimas | ||
| 590 |
_aALEPH _b10 _c20130110 _lUCH01 _h1243 |
||
| 590 |
_aBATCH-UPD _b10 _c20130110 _lUCH01 _h0206 |
||
| 590 |
_aBATCH-UPD _b10 _c20130110 _lUCH01 _h1554 |
||
| 590 |
_aBATCH-UPD _b10 _c20130409 _lUCH01 _h2218 |
||
| 590 |
_aBATCH-UPD _b10 _c20130410 _lUCH01 _h0952 |
||
| 590 |
_aBATCH-UPD _b10 _c20130913 _lUCH01 _h1900 |
||
| 590 |
_aCONVERSION _b10 _c20130109 _lUCH01 _h1312 |
||
| 650 | 1 | 4 |
_aAceites vegetales en nutrición animal. _9465 |
| 650 | 1 | 4 |
_aArbustos. _96713 |
| 650 | 1 | 4 |
_aAves de corral _xAlimentación. _98638 |
| 650 | 1 | 4 |
_aHelietta parvifolia. _953431 |
| 901 | _aBK | ||
| 942 | _cTESIS | ||
| 949 |
_bBC _cTES _d-58163 _eTS1 _i25244 _si |
||
| 999 |
_c20183 _d20183 |
||